000 00539nam a22001937a 4500
003 KOHA_MİRAKIL
005 20251024164442.0
008 251024b tu ||||| |||| 00| 0 tur d
020 _a9786254192456
040 _aTR-AnABB
_btur
_cTR-AnABB
041 _atur
082 _a818.993603
_bSAL 2022
100 1 _aŞalimov, A,
245 1 0 _aÇöpçü gezegenler /
_cA. Şalimov
260 _aAnkara :
_bDorlion Yayınları,
_c2022
300 _a109 sayfa ;
_c21 cm
650 0 4 _aAzarbeycan edebiyatı, roman
942 _2ddc
_cBK
999 _c9217
_d9217
900 _bGizem YORULMAZ